| 000 | 00000nam##2200000za#4500 |
| 001 | 9.604368 |
| 003 | CaOODSP |
| 005 | 20250403105149 |
| 007 | cr ||||||||||| |
| 008 | 150406|1998||||xxc|||||o f|0| 0 fre|d |
| 022 | |a1205-9161 |
| 040 | |aCaOODSP|bfre |
| 043 | |an-cn--- |
| 086 | 1 |aCS11-0019/125F-PDF |
| 245 | 00|aL'assurance-emploi au Canada : |h[ressource électronique]|btendances récents et réorientation / |cpar Zhengxi Lin. |
| 260 | |aOttawa - Ontario : |bStatistique Canada |cSeptembre 1998. |
| 300 | |a26p.|bgraphiques, tableaux |
| 490 | 1 |aDocuments de recherche - Direction des études analytiques|x1205-9161|vN° 125 |
| 500 | |aLe n° de catalogue (11F0019MPF) et l'ISBN (0-660-96030-3) de l'édition imprimée ont été incorrectement copiés dans l'édition électronique. |
| 504 | |aBibliographie. |
| 520 | 3 |aLe présent document porte sur les tendances récentes concernant l'assurance-emploi (auparavant l'assurance-chômage). On y présente également l'évolution historique du régime d'assurance-emploi.--Résumé |
| 590 | |a12-35-Supp|b2012-08-09 |
| 710 | 2 |aStatistique Canada. |
| 720 | 1 |aLin, Zhengxi |
| 775 | 08|tEmployment insurance in Canada : |w(CaOODSP)9.574633 |
| 776 | 0#|tL'assurance emploi au Canada : |w(CaOODSP)9.624867 |
| 830 | #0|aDocuments de recherche (Statistique Canada. Direction des études analytiques)|x1205-9161|vN° 125|w(CaOODSP)9.500842 |
| 856 | 40|ahttp://publications.gc.ca|qPDF|s96 Ko|uhttps://publications.gc.ca/collections/Collection/CS11-0019-125F.pdf|yN° 125 |